Pokemon FireRed Round 2 Speedrun Leaderboard Quiz - Statistics

General Stats
  • This quiz has been taken 2 times
  • The average score is 7 of 28
Answer Stats
Time (Platform) Runner % Correct
3:28:55 (GBI) Pokeguy
100%
3:27:36 (Emu) Ananan
50%
3:34:33 (GBP) Exarion
50%
5:25:51 (Emu) Fish
50%
3:32:55 (GBI) Gunnermaniac
50%
3:40:08 (DS) JP_Xinnam
50%
3:46:38 (Emu) LatiosRyan
50%
3:34:14 (GBI) MachWing
50%
3:47:10 (Emu) PicklePlop
50%
3:32:17 (GBI) Shiru666
50%
3:32:50 (GBI) SparkleLanturn
50%
3:30:52 (GBA) TheMathGenius
50%
3:34:32 (GBI) WaveWarrior
50%
3:46:14 (Emu) Chifan01
0%
4:27:42 (Emu) CoolTrainerMichael
0%
3:48:23 (DS) Crafted
0%
4:00:55 (GBP) eLmaGus
0%
3:48:50 (GBI) Headbob
0%
4:14:00 (Emu) iiSalad
0%
3:53:36 (Emu) MBisonFute
0%
4:40:40 (Emu) MEvRNG
0%
3:43:15 (GBI) PulseEffects
0%
3:34:43 (Emu) Randall
0%
3:58:22 (Emu) SfayneB
0%
3:45:19 (Emu) Sinstar
0%
3:43:33 (GBI) Snorms
0%
3:36:20 (GBI) Truely
0%
3:40:54 (Emu) Werster
0%
No matching quizzes found
Score Distribution
Percent of People with Each Score
Percentile by Number Answered
Your Score History
You have not taken this quiz